Marketing research : (Record no. 1204)
[ view plain ]
| 000 -LEADER | |
|---|---|
| fixed length control field | 00785nac a22002051u 4500 |
| 010 ## - LIBRARY OF CONGRESS CONTROL NUMBER | |
| LC control number | 2001087534 |
| 020 ## - INTERNATIONAL STANDARD BOOK NUMBER | |
| International Standard Book Number | 9812548718 |
| 082 00 - DEWEY DECIMAL CLASSIFICATION NUMBER | |
| Classification number | 658.83 |
| Item number | C5631 |
| 090 ## - LOCALLY ASSIGNED LC-TYPE CALL NUMBER (OCLC); LOCAL CALL NUMBER (OCLC) | |
| -- | 1204 |
| -- | 1204 |
| 100 ## - MAIN ENTRY--PERSONAL NAME | |
| Personal name | Churchill, Gilbert A. |
| 245 10 - TITLE STATEMENT | |
| Title | Marketing research : |
| Remainder of title | methodological foundations / |
| Statement of responsibility, etc | Gilbert A. Churchill, Jr., Dawn Iacobucci. |
| 250 ## - EDITION STATEMENT | |
| Edition statement | 8th ed. |
| 260 ## - PUBLICATION, DISTRIBUTION, ETC. (IMPRINT) | |
| Place of publication, distribution, etc | Australia : |
| Name of publisher, distributor, etc | Thomson/South-Western, |
| Date of publication, distribution, etc | c2002. |
| 300 ## - PHYSICAL DESCRIPTION | |
| Extent | xxvi, 1006 p. : |
| Other physical details | ill. ; |
| Dimensions | 26 cm. |
| 504 ## - BIBLIOGRAPHY, ETC. NOTE | |
| Bibliography, etc | Includes bibliographical references and indexes. |
| 650 #0 - SUBJECT ADDED ENTRY--TOPICAL TERM | |
| Topical term or geographic name as entry element | Marketing research. |
| 700 1# - ADDED ENTRY--PERSONAL NAME | |
| Personal name | Iacobucci, Dawn. |
| 942 ## - ADDED ENTRY ELEMENTS (KOHA) | |
| Item type | Book - Borrowing |
| Call number prefix | 658.83C5631 |
| Withdrawn status | Item status | Damaged status | Not for loan | Home library | Current library | Shelving location | Date acquired | Source of acquisition | Total Checkouts | Total Renewals | Full call number | Barcode | Date last seen | Date last borrowed | Koha item type |
|---|---|---|---|---|---|---|---|---|---|---|---|---|---|---|---|
| Central Library | Central Library | First floor | 27/08/2006 | Purchase | 10 | 8 | 658.83 CHU | 000003288 | 15/07/2025 | 04/10/2018 | Book - Borrowing |